000
00246nam a22000857a 4500
008
160630b xxu||||| |||| 00| 0 eng d
100
_9
1560
_a
Baderia, G.S
245
_a
Mathematical Excursions and Pastimes
260
_a
New Delhi
_b
Arya Publication
_c
2004
999
_c
1288
_d
1288